Perspektívy vývoja medzinárodného obchodu diplomová práca

Salvato in:
Dettagli Bibliografici
Autore principale: Poledňáková, Katarína
Ente Autore: Obchodná fakulta EU. Katedra medzinárodného obchodu
Altri autori: Škorvagová, Simona
Natura: Libro
Lingua:slovacco
Pubblicazione: Bratislava 2010
Tags: Aggiungi Tag
Nessun Tag, puoi essere il primo ad aggiungerne!!

MARC

LEADER 00000nam a2200000 4500
001 0120202
005 20240318123045.8
041 0 |a slo 
044 |a SK 
245 1 0 |a Perspektívy vývoja medzinárodného obchodu  |b diplomová práca  |c Katarína Poledňáková ; škol. Simona Škorvagová 
264 1 |a Bratislava  |c 2010 
300 |a 71 s. 
100 1 |a Poledňáková, Katarína 
700 1 |a Škorvagová, Simona 
710 2 |a Obchodná fakulta EU. Katedra medzinárodného obchodu